000 00430nam a22001577a 4500
003 PILC
005 20151006080744.0
008 151006b xxu||||| |||| 00| 0 eng d
020 _a9789351155034
050 _aTL 527
_b.Ai298 2015
245 _aAirlines management /
260 _b3G elearning,
_c2015.
300 _av, 239 pages :
_billustrations ;
_c24 cm. +
_e1 DVD.
650 _aAirlines
_xManagement.
942 _2lcc
_cBK
_kFOR
999 _c288814
_d288814